000
00276nam a2200097Ia 4500
001
801077
005
20250826171031.0
008
250824s9999 xx 000 0 und d
245
0
_a
SÜPER SELİM AYASOFYADA ESRARENGİZ KAYIP
_c
SÜLEYMAN EZBER
260
_b
UĞUR BÖCEĞİ YAYINLARI
999
_c
801077
_d
801077